000
00320nam a2200121Ia 4500
008
220214s9999 xx 000 0 und d
100
_a
Nizinski J.
245
0
_a
Soil water balance in an oak in Fontainbleau forest
260
_b
Annals of Forest Science
_c
1989
300
_a
173-186
700
_a
Saugier B
942
_c
RE
999
_c
45976
_d
45976